El niño y el programa escolar: mi credo pedagógico

Đã lưu trong:
Chi tiết về thư mục
Tác giả chính: Dewey, John (Tác giả)
Định dạng: Sách
Ngôn ngữ:Tiếng Tây Ban Nha
Được phát hành: Buenos Aires Losada 1967
Phiên bản:6a. ed
Loạt:Biblioteca del Maestro
Những chủ đề:
Các nhãn: Thêm thẻ
Không có thẻ, Là người đầu tiên thẻ bản ghi này!

MARC

LEADER 00000cam a2200000 a 4500
001 UCD2561
003 CL-VaPUC
008 160428e19670000ag |||||||||||||||||spa|d
082 0 4 |a 370.1  |b DEW  |2 21 
100 0 |a Dewey, John  |e author  |9 328380 
245 1 3 |a El niño y el programa escolar: mi credo pedagógico 
250 |a 6a. ed 
300 |a 131 p 
942 |c BK 
945 |d 20160428 21:50:00  |a arojas 
260 |a Buenos Aires  |b Losada  |c 1967 
650 0 |a Filosofía de la educación   |9 258384 
650 0 |a Sociología de la educación   |9 260380 
650 7 |a DESARROLLO DE LA EDUCACION  |2 CL-VaPUC  |9 585921 
650 0 |a Democracia  |9 255256 
650 0 |a Problemas sociales  |9 258537 
650 0 |a Pedagogía  |9 255351 
650 0 |a Niños  |9 255605 
583 |a last modification  |c 20160428 21:50:00  |k Rodrigo Vera 
490 0 |a Biblioteca del Maestro 
999 |c 363715  |d 363713 
952 |0 0  |1 0  |3 erb  |4 0  |6 370_100000000000000_DEW_1967  |7 0  |8 P  |9 476373  |a BIBEDU  |b BIBEDU  |c BIBEDU_PB  |e Villagrán Garnham, Jorge  |i 5300770  |o 370.1 DEW 1967  |p 5300770  |r 2024-01-25  |w 2019-11-24  |y BK  |z Catalogado en:20160428  |k EPE